000 01943nas a2200409 c 4500
001 25698
003 ES-MaCES
005 20250410094137.0
008 980518d19972007sp m| | 0spa d
022 1 _a1138-4956
035 _aCES19980006815p
_z10697
040 _aES-MaCES
_bspa
_cES-MaCES
245 0 0 _aObservatorio de relaciones industriales
_b: boletín español del Observatorio Europeo de Relaciones Industriales (EIRO)
_cFundación Europea para la mejora de las condiciones de vida y trabajo ; [elaboración del boletín español] Fundación CIREM Y QUIT-UAB
260 _aMadrid (Huertas, 73, 28014)
_bConsejo Económico y Social
_c1997-2007
300 _av.
_c30 cm
310 _aMensual
362 0 _aN. 1 (nov. 1997)-n. 100 (abr.-mayo 2007)
500 _aContinuada por: Cauces
500 _aA partir del n. 7 (mayo 1998), la entidad responsable es el Gabinete de Estudios de Consejo Económico y Social
541 _cGratuito
650 4 _anegociación colectiva
_928362
650 4 _928369
_arelaciones laborales
650 4 _926752
_aUE
653 1 0 _aInformes de coyuntura
710 2 _aConsejo Económico y Social (España)
_bGabinete de Estudios
_92417
710 2 _93819
_aFundación Europea para la Mejora de las Condiciones de Vida y de Trabajo
710 2 _aConsejo Económico y Social (España)
_eed.
_92408
710 2 _aFundación Centro de Iniciativas e Investigaciones Europeas en el Mediterráneo
_etrad.
_93777
785 0 0 _tCauces : cuadernos del Consejo Económico y Social
_w(ES-MaCES)26015
853 2 1 _bn.
_iaño
_jmes
_vc
_wm
_ypm01,02,03,04,05,06,08,10,11,12
856 4 1 _uhttps://www.ces.es/revista-cauces
_ztexto completo en el buscador desde n. 1 (1997) hasta nº 100 (2007)
866 0 _a1997-2007.
_zUbicación: DEPÓSITO - 10697
905 _1Boletín B
_k
_p+
942 _2CES
_cCR
_h9.4.
999 _c25698
_d25698